Statistics for Best QBR's of All-Time!

Click here to take the quiz!

General Stats

  • This quiz has been taken 4 times
  • The average score is 13 of 20

Answer Stats

HintAnswer% Correct
3. 2005-Pres 103.9 QBRAaron Rodgers
100%
5. 2001-2020 98.7 QBRDrew Brees
100%
17. 1979-1994 92.3 QBRJoe Montana
100%
1. 2017-Pres 109.5 QBRPatrick Mahomes
100%
11. 1998-2015 96.5 QBRPeyton Manning
100%
7T. 2000-Pres 97.4 QBRTom Brady
100%
14. 2004-Pres 93.9 QBRBen Roethlisberger
75%
2. 2017-Pres 104.5 QBRDeshaun Watson
75%
12. 2004-2020 95.2 QBRPhillip Rivers
75%
4. 2012-Pres 102.2 QBRRussell Wilson
75%
10. 1985-1999 96.8 QBRSteve Young
75%
7T. 2016-Pres 97.4 QBRDak Prescott
50%
6. 2012-Pres 98.2 QBRKirk Cousins
50%
13. 2008-Pres 94.3 QBRMatt Ryan
50%
18. 2012- Pres 91.8 QBRRyan Tannehill
50%
16. 2014-Pres 92.4 QBRDerek Carr
25%
19. 2016-Pres 91.6 QBRJared Goff
25%
15. 1998-2009 93.7 QBRKurt Warner
25%
20. 2014-Pres 90.9 QBRTeddy Bridgewater
25%
9. 2004-2016 97.1 QBRTony Romo
25%

Score Distribution

Percentile by Number Answered

Percent of People with Each Score

Your Score History

You have not taken this quiz